000 00825nam a2200241Ia 4500
003 OSt
005 20220923215707.0
006 a|||||r|||| 00| 0
007 ta
008 220922b |||||||| |||| 00| 0 hin d
024 _a180,915
037 _cTextual
040 _aARTS
_cARTS
_bhin
041 _2hin
_ahin
082 _aO152,1N:g, K8
100 _aश्याम नन्दन किशोर
245 0 _aआधुनिक साहित्य
_b शोधात्मक निष्कर्ष
246 _aĀdhunik sāhitya: shodhātmak niṣhkarṣha
260 _aमुजफफरपुर
_b सुह्रदय संघ
_c1968
300 _a104 पृ.
_ccm.
942 _hO152,1N:g, K8
_cTEXL
_2CC
999 _c334293
_d334293